[Event "Halver-ch"]
[Site "Halver"]
[Date "2003.10.20"]
[Round "?"]
[White "Reininghaus, Ralf"]
[Black "Raatz, Gerhard"]
[Result "0-1"]
[WhiteElo "1570"]
[BlackElo "1430"]
[PlyCount "106"]
[EventDate "2003.09.14"]
[EventType "swiss"]
[EventRounds "9"]
[EventCountry "GER"]
[SourceTitle "EXT 2007"]
[Source "ChessBase"]
[SourceDate "2006.11.23"]
[SourceVersion "1"]
[SourceVersionDate "2006.11.23"]
[SourceQuality "1"]

1. f4 d5 2. Nf3 Nc6 3. d4 Nf6 4. e3 a6 5. c4 e6 6. a3 dxc4 7. Bxc4 Be7 8. Nc3 b5 9. Bd3 Bb7 10. 0-0 0-0 11. e4 Nxd4 12. Kh1 Nxf3 13. Rxf3 Nxe4 14. Nxe4 Bxe4 15. Rg3 Bf6 16. Qe2 Bxd3 17. Rxd3 Qe7 18. Rb1 Rfd8 19. Rh3 Rd5 20. Be3 Rad8 21. Qc2 g6 22. g4 c5 23. Re1 Bd4 24. Bc1 Qb7 25. Qe4 R5d7 26. Kg2 f5 27. gxf5 exf5 28. Qxb7 Rxb7 29. Rd3 Rbd7 30. Red1 a5 31. Be3 Kf7 32. b4 axb4 33. axb4 Ke6 34. bxc5 Bxe3 35. Rxe3+ Kf6 36. Rde1 Rd2+ 37. Kf3 R2d3 38. c6 b4 39. c7 Rxe3+ 40. Kxe3 Rc8 41. Rc1 b3 42. Rb1 Rxc7 43. Rxb3 Rc6 44. Kd4 g5 45. Kd5 Ra6 46. fxg5+ Kxg5 47. Rg3+ Kf4 48. Rh3 h6 49. Kd4 Ra4+ 50. Kd5 Kg5 51. Re3 h5 52. Ke6 Re4+ 53. Rxe4 fxe4 0-1

[Event "Luedenscheid district-ch"]
[Site "Luedenscheid"]
[Date "2003.10.04"]
[Round "?"]
[White "Raatz, Gerhard"]
[Black "Kelbling, Ralph"]
[Result "0-1"]
[WhiteElo "1230"]
[BlackElo "1653"]
[PlyCount "116"]
[EventDate "2003.10.03"]
[EventType "swiss"]
[EventRounds "7"]
[EventCountry "GER"]
[SourceTitle "EXT 2007"]
[Source "ChessBase"]
[SourceDate "2006.11.23"]
[SourceVersion "1"]
[SourceVersionDate "2006.11.23"]
[SourceQuality "1"]

1. e4 c5 2. Nf3 d6 3. c4 Nc6 4. Be2 g6 5. Nc3 Bg7 6. Qc2 f5 7. exf5 Bxf5 8. d3 Nf6 9. 0-0 d5 10. cxd5 Nxd5 11. Nxd5 Qxd5 12. Qc4 Qxc4 13. dxc4 e5 14. Rd1 Nd4 15. Kf1 0-0 16. Bd2 Nxe2 17. Kxe2 e4 18. Nh4 Be6 19. b3 Bxa1 20. Rxa1 Rad8 21. Bg5 Rd7 22. h3 Kg7 23. g4 h6 24. Be3 g5 25. Nf5+ Bxf5 26. Bxc5 Bxg4+ 27. hxg4 Rf4 28. Rg1 b6 29. Bb4 Rdf7 30. Bc3+ Kg6 31. Bd4 Rd7 32. Be3 Rff7 33. Rh1 Rd3 34. Rh3 Rfd7 35. Rh1 Rc3 36. Rc1 Rxc1 37. Bxc1 h5 38. gxh5+ Kxh5 39. a3 Rd3 40. b4 Rc3 41. Bd2 Rxc4 42. a4 Kg4 43. a5 bxa5 44. bxa5 a6 45. Ke3 Kf5 46. Ke2 Ra4 47. Ke3 Ra3+ 48. Ke2 g4 49. Bb4 Rb3 50. Bc5 Ke5 51. Bb6 Kd5 52. Ba7 Kc6 53. Bb6 Ra3 54. Bd8 Kb5 55. Bb6 Rxa5 56. Bxa5 Kxa5 57. Ke3 Kb5 58. Kxe4 a5 0-1

[Event "Halver-ch"]
[Site "Halver"]
[Date "2003.09.26"]
[Round "?"]
[White "Siepe, Hans Joachim"]
[Black "Raatz, Gerhard"]
[Result "0-1"]
[WhiteElo "1440"]
[BlackElo "1230"]
[PlyCount "69"]
[EventDate "2003.09.14"]
[EventType "swiss"]
[EventRounds "9"]
[EventCountry "GER"]
[SourceTitle "EXT 2007"]
[Source "ChessBase"]
[SourceDate "2006.11.23"]
[SourceVersion "1"]
[SourceVersionDate "2006.11.23"]
[SourceQuality "1"]

1. e4 g6 2. e5 Nc6 3. d4 Bg7 4. Nf3 d6 5. Bb5 Bd7 6. Bf4 dxe5 7. dxe5 e6 8. Nc3 Nge7 9. Bxc6 Bxc6 10. Qe2 0-0 11. Rd1 Qe8 12. Ne4 Bxe4 13. Qxe4 Qc6 14. Qxc6 Nxc6 15. Rd7 Rac8 16. 0-0 Rfd8 17. Rxd8+ Rxd8 18. c3 a6 19. Re1 b5 20. h3 h6 21. h4 Rd5 22. g4 Bf8 23. Re4 Kg7 24. Nd4 Na5 25. b3 c5 26. Nf3 Nc6 27. Kg2 Be7 28. Bg3 Rd3 29. c4 Nd4 30. Nxd4 cxd4 31. Re2 Bc5 32. cxb5 axb5 33. f4 Rc3 34. Be1 Rc1 35. Rd2 0-1

[Event "Halver-ch"]
[Site "Halver"]
[Date "2002.12.06"]
[Round "8"]
[White "Dolgopolyj, Vladimir"]
[Black "Raatz, Gerhard"]
[Result "1-0"]
[WhiteElo "1722"]
[BlackElo "1266"]
[PlyCount "49"]
[EventDate "2002.09.13"]
[EventType "tourn"]
[EventRounds "9"]
[EventCountry "GER"]
[SourceTitle "EXT 2007"]
[Source "ChessBase"]
[SourceDate "2006.11.23"]
[SourceVersion "1"]
[SourceVersionDate "2006.11.23"]
[SourceQuality "1"]

1. d4 Nf6 2. c4 g6 3. Nc3 Bg7 4. e4 d6 5. Bg5 e6 6. Qd2 Nbd7 7. 0-0-0 0-0 8. h4 b6 9. e5 Ba6 10. exf6 Nxf6 11. h5 d5 12. hxg6 hxg6 13. Bh6 Ng4 14. Bxg7 Kxg7 15. f3 Rh8 16. Rxh8 Qxh8 17. fxg4 Rd8 18. cxd5 Bxf1 19. Rxf1 exd5 20. Qf4 Rd7 21. Qf6+ Kh7 22. Nh3 Qxf6 23. Rxf6 Kh6 24. Ne2 c5 25. Nef4 1-0

[Event "Halver Cup"]
[Site "Halver"]
[Date "2002.05.24"]
[Round "3"]
[White "Schaefer, Arnold"]
[Black "Raatz, Gerhard"]
[Result "1-0"]
[WhiteElo "1380"]
[BlackElo "1266"]
[PlyCount "73"]
[EventDate "2002.05.10"]
[EventType "swiss"]
[EventRounds "5"]
[EventCountry "GER"]
[SourceTitle "EXT 2007"]
[Source "ChessBase"]
[SourceDate "2006.11.23"]
[SourceVersion "1"]
[SourceVersionDate "2006.11.23"]
[SourceQuality "1"]

1. c4 Nf6 2. Nc3 e6 3. g3 d5 4. cxd5 Nxd5 5. Bg2 Be7 6. e3 Nxc3 7. bxc3 0-0 8. Ne2 Nd7 9. Rb1 Rb8 10. d4 c5 11. 0-0 Nb6 12. Ba3 cxd4 13. Bxe7 Qxe7 14. cxd4 Rd8 15. Qc2 e5 16. dxe5 Qxe5 17. Nd4 Nd5 18. Rfd1 Qc7 19. Qxc7 Nxc7 20. Nc6 Bf5 21. Ne7+ Kf8 22. Nxf5 b6 23. Nd4 Rd6 24. Rdc1 Ne6 25. Nxe6+ Rxe6 26. Rc7 Re7 27. Rbc1 a5 28. Bd5 f5 29. f3 Rd8 30. e4 fxe4 31. fxe4 Rxc7 32. Rxc7 Re8 33. Rb7 Re7 34. Rxb6 Rc7 35. Rb8+ Ke7 36. Rb7 Kd6 37. Rxc7 1-0

[Event "Halver qual-B"]
[Site "Halver"]
[Date "2002.04.12"]
[Round "8"]
[White "Raatz, Gerhard"]
[Black "Babczyk, Adrian"]
[Result "0-1"]
[WhiteElo "1187"]
[BlackElo "1635"]
[PlyCount "108"]
[EventDate "2002.01.18"]
[EventType "tourn"]
[EventRounds "9"]
[EventCountry "GER"]
[SourceTitle "EXT 2007"]
[Source "ChessBase"]
[SourceDate "2006.11.23"]
[SourceVersion "1"]
[SourceVersionDate "2006.11.23"]
[SourceQuality "1"]

1. e4 c5 2. Nf3 Nc6 3. d4 cxd4 4. Nxd4 Nf6 5. Nc3 e6 6. Nf3 d6 7. Be2 Be7 8. 0-0 0-0 9. Bf4 a6 10. e5 dxe5 11. Nxe5 Nxe5 12. Bxe5 Nd7 13. Bd6 Nf6 14. Be5 Nd7 15. Bd6 Bxd6 16. Qxd6 Qf6 17. Rfe1 b5 18. Qc7 Qd8 19. Qxd8 Rxd8 20. Bf3 Rb8 21. Rad1 Bb7 22. Bxb7 Rxb7 23. Rd6 Rc8 24. Rc1 a5 25. a3 Ne5 26. Rcd1 Kf8 27. Rd8+ Rxd8 28. Rxd8+ Ke7 29. Rc8 Nc4 30. Nxb5 Nxb2 31. Rc7+ Rxc7 32. Nxc7 Nc4 33. Nb5 a4 34. Kf1 Kd7 35. Nc3 Nxa3 36. Nxa4 Nxc2 37. Nc5+ Kc6 38. Ne4 h6 39. Ke2 Kd5 40. f3 Nd4+ 41. Ke3 Nf5+ 42. Kd3 Nh4 43. Nc3+ Kd6 44. Ne4+ Ke7 45. g3 Nxf3 46. h3 Ng5 47. Nf2 f6 48. Ke3 Nf7 49. g4 g6 50. Ke4 f5+ 51. gxf5 exf5+ 52. Kf4 Kf6 53. Nd3 g5+ 54. Kf3 Ne5+ 0-1

[Event "Halver qual-B"]
[Site "Halver"]
[Date "2002.01.18"]
[Round "1"]
[White "Raatz, Gerhard"]
[Black "Schaefer, Arnold"]
[Result "1-0"]
[WhiteElo "1187"]
[BlackElo "1406"]
[PlyCount "95"]
[EventDate "2002.01.18"]
[EventType "tourn"]
[EventRounds "9"]
[EventCountry "GER"]
[SourceTitle "EXT 2007"]
[Source "ChessBase"]
[SourceDate "2006.11.23"]
[SourceVersion "1"]
[SourceVersionDate "2006.11.23"]
[SourceQuality "1"]

1. e4 e5 2. Nf3 d6 3. Nc3 Be7 4. Nd5 c6 5. Nxe7 Nxe7 6. d4 Bg4 7. Be2 Nd7 8. 0-0 h6 9. b3 Nf6 10. dxe5 dxe5 11. Bb2 Bxf3 12. Bxf3 Qc7 13. Qe2 0-0 14. Rfd1 Ng6 15. g3 Rfd8 16. Qe3 b6 17. h4 Qe7 18. h5 Nf8 19. Rxd8 Rxd8 20. Rd1 Rxd1+ 21. Bxd1 Qd6 22. Bf3 Qe6 23. Kg2 N6h7 24. Be2 Ng5 25. g4 b5 26. f4 exf4 27. Qxf4 Qd7 28. c4 Nfe6 29. Qe3 a6 30. Be5 b4 31. c5 a5 32. Bd6 Qa7 33. Kg3 a4 34. Bc4 axb3 35. Bxb3 Qa6 36. Kf2 Qb5 37. e5 Qa6 38. Qe2 Qxe2+ 39. Kxe2 Nd4+ 40. Ke3 Nde6 41. Ba4 Nd8 42. Kd4 Nge6+ 43. Kc4 f6 44. Kxb4 Kf7 45. Bc2 fxe5 46. Bxe5 Ng5 47. Bg6+ Kg8 48. a4 1-0

[Event "Halver qual-B"]
[Site "Halver"]
[Date "2001.10.12"]
[Round "4"]
[White "Raatz, Gerhard"]
[Black "Siepe, Hans Joachim"]
[Result "1/2-1/2"]
[WhiteElo "1168"]
[BlackElo "1519"]
[PlyCount "122"]
[EventDate "2001.08.31"]
[EventType "tourn"]
[EventRounds "7"]
[EventCountry "GER"]
[SourceTitle "EXT 2007"]
[Source "ChessBase"]
[SourceDate "2006.11.23"]
[SourceVersion "1"]
[SourceVersionDate "2006.11.23"]
[SourceQuality "1"]

1. e4 e6 2. d4 d5 3. exd5 exd5 4. Nf3 c5 5. Nc3 cxd4 6. Qxd4 Nf6 7. Bg5 Nc6 8. Bb5 Be6 9. 0-0 Be7 10. Ne5 Qc7 11. Bf4 Bd6 12. Bxc6+ bxc6 13. Rfe1 0-0 14. b4 a5 15. a3 axb4 16. axb4 Rab8 17. Rab1 c5 18. bxc5 Bxc5 19. Qd2 Bb4 20. Ng4 Qxc3 21. Nxf6+ Qxf6 22. Rxb4 Rbc8 23. Be5 Qg6 24. c3 Rfe8 25. Re3 Ra8 26. Qb2 Qh5 27. Qb1 Bf5 28. Qe1 Re6 29. h3 Rae8 30. Bd4 Qg5 31. Rxe6 fxe6 32. Qe3 Qxe3 33. Bxe3 Ra8 34. Bd4 g6 35. Rb6 h5 36. f3 Re8 37. Rb7 e5 38. Be3 Rc8 39. Bd2 d4 40. cxd4 exd4 41. g4 hxg4 42. hxg4 Bc2 43. Bh6 d3 44. Rg7+ Kh8 45. Rxg6 d2 46. Bxd2 Bxg6 47. Bg5 Rc2 48. Be3 Kg7 49. Bf2 Bd3 50. Kg2 Rc3 51. Bd4+ Kg6 52. Bxc3 Bc4 53. Kg3 Be2 54. f4 Bd3 55. Kf3 Bc2 56. Kg3 Bd1 57. f5+ Kg5 58. f6 Bb3 59. Kf3 Bd1+ 60. Kg3 Bb3 61. Be5 Bf7 1/2-1/2